000
00200 a2200097 4500
001
35169
100
_a
KAR
245
_a
Taba Khake Kashuar
260
_a
Lahore
_b
Sange Meel
_c
090
_c
23313
_d
23313
942
_a
NUST-CAE
_c
M
_c
14796
999
_c
270242
_d
270242